| 000 | 00814nam a22001577a 4500 | ||
|---|---|---|---|
| 003 | OSt | ||
| 005 | 20151022160131.0 | ||
| 008 | 151022b xxu||||| |||| 00| 0 eng d | ||
| 040 | _cRUA | ||
| 082 | _aAVM CHH 2011 B097 Or.1 | ||
| 100 |
_92694 _aCHHORN, HORCHHEANGENG. |
||
| 245 | _aUsing of antbiotics for diseses treatment and prevention occur in ckicken broiler production in saang district, kandal province, ការប្រើប្រាស់អង់ទីប៊ីយ៉ូទិច សម្រាប់ព្យាបាលជមងឺដែលកើតមានក្នុងផលិតកម្មមាន់សាច់ នៅក្នុងស្រុកស្អាង ខេត្តកណ្តាល | ||
| 260 |
_aPhnom Penh _bRUA _c2011 |
||
| 300 |
_aix; 42p. _bill. _c29cm. |
||
| 942 |
_2ddc _cAVM |
||
| 999 |
_c2520 _d2520 |
||